| 000 | 00858nas a2200277 4500 | ||
|---|---|---|---|
| 001 | BR0202346 | ||
| 003 | BR-BrBNA | ||
| 005 | 20231205102945.0 | ||
| 007 | ta | ||
| 008 | 230509b bl.|||p| |||| 00| 00por d | ||
| 040 |
_aBR-BrBNA _bpor _cBiblioteca Nacional de Agricultura |
||
| 041 | _a(Pt) | ||
| 072 | _aF30; H10 | ||
| 100 | 1 | _aFrança, F.H. | |
| 100 | 1 | _aRitschel, P.S. | |
| 245 | 1 | _aAvaliação de acessos de batata-doce para resistência à broca-da-raiz, crisomelídeos e elaterídeos | |
| 650 | _aBATATA DOCE | ||
| 650 | _aVARIEDADE RESISTENTE | ||
| 650 | _aGERMOPLASMA | ||
| 650 | _aBROCA DA RAIZ | ||
| 650 | _aCRISOMELÍDEO | ||
| 650 | _aCONTROLE INTEGRADO | ||
| 773 | 0 |
_tHorticultura Brasileira (Brazil) _xISSN 0102-0536 _g(Mar 2002), v. 20(1) p. 79-85 _wBR0202346 |
|
| 909 |
_a202311 _bLúcia _c55 _dLúcia Elande |
||
| 942 |
_2AGRIS _n0 _cANA |
||
| 999 |
_c170270 _d170270 |
||